000 01000nam a2200289 a 4500
001 000017738
003 DO-SdBNP
005 20251031083942.0
008 100331s1999 dr a 000 0 spa d
040 _aDO-SdBNP
_bspa
_cBNPHU
_erda
049 _aBNPD
082 _a917.293
_bN964g
100 1 _aNuñez, José Demétrio
_938591
245 1 0 _aGeografía, antropología e historia dominicana /
_cJosé Demétrio Nuñez, Juan Colón.
260 _aSanto Domingo :
_bAlfa y Omega,
_c1999.
300 _a214 p. :
_bil. ;
_c29 cm.
650 0 _aParques nacionales
_zRepública Dominicana
_929800
650 0 _aÁreas protegidas
_97050
650 0 _aAgricultura
_92309
650 0 _aGanedería
_92464
650 4 _aDeforestación
_910808
650 0 _aIndustria
_938594
650 4 _aAntropología
_xColecciones de escritos
_938595
651 4 _aRepública Dominicana
_xGeografía
_xEnseñanza Secundaria
_938592
651 4 _aRepública Dominicana
_xVida social y costumbres
_9405
942 _2ddc
_cLBS1
999 _c17263
_d17263